| 000 | 00434nam a2200157Ia 4500 | ||
|---|---|---|---|
| 008 | 210716s2008 xx 000 0 und d | ||
| 020 | _a9783540727996 | ||
| 041 | _aeng | ||
| 082 | _a574.80285 SELP | ||
| 100 | _aSelzer, P M;Marhofer, R J;Ronwer, A. | ||
| 245 |
_aApplied Bioinformatics: an introduction. _bAn introduction. |
||
| 250 | _a1 | ||
| 260 |
_aNew Delhi _bSpringer _c2008 |
||
| 300 | _axiv,287 | ||
| 650 | _aBioinformatics | ||
| 999 |
_c190209 _d190209 |
||